000 00357pab a2200145 454500
008 180718b1997 xxu||||| |||| 00| 0 eng d
100 _aPratap Rao, M.
245 _aUrban services and management problems: a case study
260 _c1997
300 _ap.31-35
362 _aJul-Sep
650 _aUrban development
773 _aNagarlok
909 _a35702
999 _c35702
_d35702